000 01132ngm a22003610a 4500
001 PT22767
003 AR-LpoUNG
005 20210202000329.0
007 vd cvaizq
008 191001s2002||||ag |||||||||||||||||eng d
037 _c$23.3
040 _aAR-LpoUNG
_bspa
_cAR-LpoUNG
_eaacr
041 _aeng
_aspa
044 _aag
082 0 _a959.704 3 699apo
100 1 _aCoppola, Francis Ford
_edir.
245 1 0 _aApocalypse now :
_bredux
260 _aSan Luis :
_bAVH,
_c2002.
300 _aDVD (110 min.) : son., col.
505 0 _aTítulos en inglés, subtítulos en castellano
520 _aUna versión aterradora sobre la guerra de Vietnam. Sobre el despotismo que genera el poder sobre la vida y la muerte de otros seres. Un desprecio sobre los valores fundamentales del hombre sólo puede compararse a los hechos narrados en el Apocalipsis Biblico.
650 4 _aCRIMENES DE GUERRA
650 4 _aESTADOS UNIDOS
650 4 _aGUERRA
650 4 _aVIETNAM
650 4 _aVIOLENCIA
651 4 _aViet Nam
653 _aBELICO
653 _aDVD
653 _aVIDEOS
905 _a22767
942 _cDVD
999 _c54627
_d54627